Daisy Miller and other stories
Saved in:
| Main Author: | |
|---|---|
| Format: | Book |
| Language: | English |
| Published: |
Londres
Penguin Books
1963
|
| Edition: | 1a. ed |
| Subjects: | |
| Tags: |
Add Tag
No Tags, Be the first to tag this record!
|
MARC
| LEADER | 00000cam a2200000 a 4500 | ||
|---|---|---|---|
| 001 | UCE0758 | ||
| 003 | CL-VaPUC | ||
| 008 | 140307e19630000uk |||||||||||||||||eng|d | ||
| 082 | 0 | 4 | |a 813 |b JAM |2 21 |
| 100 | |a James, Henry |e author |9 316060 | ||
| 245 | 1 | 0 | |a Daisy Miller and other stories |
| 250 | |a 1a. ed | ||
| 300 | |a 192 p | ||
| 942 | |c BK | ||
| 945 | |d 20140307 11:03:00 |a dcastane | ||
| 260 | |a Londres |b Penguin Books |c 1963 | ||
| 650 | 0 | |a Novelas estadounidenses |9 265217 | |
| 650 | 0 | |a Literatura estadounidense |9 317168 | |
| 583 | |a last modification |c 20140307 11:03:00 |k Rodrigo Vera | ||
| 999 | |c 354787 |d 354785 | ||
| 952 | |0 0 |1 0 |3 erb |4 0 |6 813_000000000000000_JAM_1963 |7 0 |8 A |9 460972 |a BIBEDU |b BIBEDU |i 5018609 |o 813 JAM 1963 |p 5018609 |r 2019-11-23 |w 2019-11-23 |y BK |z Catalogado en:20140307 |k LIT | ||